Workplace stress guidance pack available (Record no. 73755)

MARC details
000 -LEADER
fixed length control field 01318cam a2200205 4500
001 - CONTROL NUMBER
control field WB3942-10
008 - FIXED-LENGTH DATA ELEMENTS--GENERAL INFORMATION
fixed length control field 031106n2003 000 0 eng u
035 ## - SYSTEM CONTROL NUMBER
System control number (Sirsi) u124253
245 ## - TITLE STATEMENT
Title Workplace stress guidance pack available
260 ## - PUBLICATION, DISTRIBUTION, ETC.
Date of publication, distribution, etc. 2003
490 ## - SERIES STATEMENT
Series statement RICS Facilities Management Faculty News
Volume/sequential designation 5 November 2003 (1)
520 ## - SUMMARY, ETC.
Summary, etc. The Health and Safety Executive (HSE) has produced a new guidance pack to help employers and employees develop solutions to counter workplace stress. "Real solutions, real people - a manager's guide to tackling work-related stress" contains examples of clear, practical measures which provide a starting point for the workforce to agree how to tackle the findings of a stress risk assessment. The guidance pack includes an introduction on how to use it, learning points, prompt cards, and an action plan to record and monitor what needs to be done. Further HSE guidance on work-related stress is available at http://www.hse.gov.uk/stress/hsewls.htm. http://w.rics.org/ricscms/bin/show?class=News&template=/includes/shownews.html&id=7492&faculty=Facilities%20Management&faculty=All%20Faculties
590 ## - LOCAL NOTE (RLIN)
Local note WB
650 ## - SUBJECT ADDED ENTRY--TOPICAL TERM
Topical term or geographic name entry element STRESS
650 ## - SUBJECT ADDED ENTRY--TOPICAL TERM
Topical term or geographic name entry element STRESS MANAGEMENT
650 ## - SUBJECT ADDED ENTRY--TOPICAL TERM
Topical term or geographic name entry element WORKPLACE
650 ## - SUBJECT ADDED ENTRY--TOPICAL TERM
Topical term or geographic name entry element RISK MANAGEMENT
690 ## - LOCAL SUBJECT ADDED ENTRY--TOPICAL TERM (OCLC, RLIN)
Topical term or geographic name as entry element Health and safety
9 (RLIN) 6244
942 ## - ADDED ENTRY ELEMENTS (KOHA)
Suppress in OPAC 0
Holdings
Withdrawn status Lost status Source of classification or shelving scheme Damaged status Not for loan Home library Current library Shelving location Date acquired Total Checkouts Full call number Barcode Date last seen Copy number Price effective from Koha item type
    Dewey Decimal Classification     London London News article 06/11/2003   WB3942-10 124253-1001 06/08/2019 1 06/08/2019 News article